000 00355nam a2200145Ia 4500
008 230917s9999||||xx |||||||||||||| ||und||
040 _e82242
_aMAIN
041 _aEnglish
082 _a550.72 M351S
100 _aMarsal, Dieter
245 0 _aStatistics for geoscientists
260 _aOxford
_bPergamon Press
_c1987
300 _ax, 176 p.
942 _cBK
999 _c60666
_d60666